000 00602cam a2200217M 4500
999 _c4860
_d4860
001 ocn988289457
003 OCoLC
005 20180702124317.0
008 170531s2012 xx 000 0 fre d
020 _a3838182928
020 _a9783838182926
035 _a(OCoLC)988289457
040 _aYDX
_beng
_cYDX
049 _aTZAA
050 _aKJC8780
_b.N94
100 1 _aNze, H.E.M.A
245 1 0 _aLutte contre le terririsme et droits de l'homme :
_bentre le textes et realité
260 _a[S.l.] :
_bÉditions Universitaire européenne
_c2012.
650 _aTerrorisme
_xLutte
942 _2lcc
_cBOOK